000 01661 a2200301 4500
005 20120421150528.0
010 _aHIN-78857
020 _c100.00
_a8123012632
035 _aHN-51203
035 _aB-232293
037 _bD. B. Act. / ven
082 _a394.26
100 _aमाथुर, शकुन्तला
_945547
245 _aहमारे त्यौहार
_cशकुन्तला माथुर संपादक सुधीर तिवारी
246 _aHamare Tyohar
_bby Shakuntla Mathur
250 _a3 रा संस्क
260 _aनई दिल्ली
_bप्रकाशन विभाग
_c2005
260 _aदिल्ली (वितरक) भारत पुस्तक भंडार
270 _aसूचना और प्रसारण मंत्रालय, भारत सरकार, पटियाला हाउस
_bनई दिल्ली
_e110001
270 _aबी ई1/,265, सोनिया विहार
300 _a128पृ
_c22सेमी (अजिल्द)
_bसचित्र
650 _aत्यौहार
_945548
650 _aFestival
_945549
700 _aतिवारी, सुधीर
_945550
942 _adpl
_cHN
_k394.26 / माथुर
_2ddc
_h394.26
_mमाथुर
999 _c875
_d875